| 000 | 09474nam a22006137a 4500 | ||
|---|---|---|---|
| 005 | 20100220110843.0 | ||
| 010 | _aB-403475-508 | ||
| 020 |
_a9788173158124 _c300.00 |
||
| 035 | _aB-403475-508 | ||
| 037 | _bप्रभात प्रकाशन | ||
| 082 | _a303.690954 | ||
| 100 |
_aवर्गीज, बी.जी. _922412 |
||
| 245 |
_aसुरक्षा और सामाजिक आक्रोश / _cबी.जी.वर्गीज; अरूण आनंद द्वारा अनुदित |
||
| 260 |
_aदिल्ली _bप्रभात प्रकाशन _c2010 |
||
| 270 |
_a4/19 आसफ अली रोड _bदिल्ली _e110002 |
||
| 300 |
_a208पृ _c22सेमी (सजिल्द) |
||
| 700 |
_aआनंद, अरूण _922413 |
||
| 942 |
_2ddc _cHN _mवर्गीज _h303.690954 |
||
| 999 |
_c34174 _d34174 |
||